Frecuencia de parásitosis intestinales y portación nasal de Staphylococcus aureus en escolares de 4 a 6 años de una institución educativa de la ciudad de Cartagena de Indias durante el periodo comprendido entre 2017-2018 / (Registro nro. 3057)

Detalles MARC
000 -LEADER
fixed length control field 03846nam a2200265 4500
001 - CONTROL NUMBER
control field 0000010915
005 - DATE AND TIME OF LATEST TRANSACTION
control field 20250329165417.0
008 - FIXED-LENGTH DATA ELEMENTS--GENERAL INFORMATION
fixed length control field 180709s2018 000 0 eng d
040 ## - CATALOGING SOURCE
Original cataloging agency CO-CtgCURN
Language of cataloging spa
Transcribing agency coctgcurn
082 0# - DEWEY DECIMAL CLASSIFICATION NUMBER
Classification number BAC 2018
Item number N322
100 1# - MAIN ENTRY--PERSONAL NAME
Personal name Navarro Guerrero, Lina María.
245 10 - TITLE STATEMENT
Title Frecuencia de parásitosis intestinales y portación nasal de Staphylococcus aureus en escolares de 4 a 6 años de una institución educativa de la ciudad de Cartagena de Indias durante el periodo comprendido entre 2017-2018 /
Statement of responsibility, etc. Lina María Navarro Guerrero; Lina Marcela Petro Rhenals; Investigadores: Rocío M. González Navarro; Mavianis Pinilla Perez; Lucy Villafae Ferrer.
260 ## - PUBLICATION, DISTRIBUTION, ETC.
Place of publication, distribution, etc. Cartagena de Indias :
Name of publisher, distributor, etc. Corporacion Universitaria Rafael Nuñez,
Date of publication, distribution, etc. 2018.
300 ## - PHYSICAL DESCRIPTION
Extent 46 h.
504 ## - BIBLIOGRAPHY, ETC. NOTE
Bibliography, etc. note Trabajo de grado (Bacteriologia). Corporacion Universitaria Rafael Nuñez. Facultad de Ciencias de la salud. Bacteriologia, 2018.
520 ## - SUMMARY, ETC.
Summary, etc. Las infecciones parasitarias estn distribuidas prácticamente en todo el mundo con alta prevalencia en algunas regiones, afectando a individuos de todas las edades y sexos. Aunque la mortalidad de estas infecciones es relativamente baja, las complicaciones son comunes siendo responsables de al menos el 10 % de las diarreas y en muchos casos requiriendo cuidado hospitalario. En los países afectados, las infecciones parasitarias intestinales están estrechamente relacionadas a los procesos de desarrollo económico y social, ya que la malabsorción, la diarrea y la pérdida de sangre, generan disminución de la capacidad de trabajo y reducción en la velocidad de crecimiento. En poblaciones urbanas y peri urbanas, la presencia, persistencia y diseminación de los parsitos intestinales se relacionan en forma directa con las características geográficas y ecológicas específicas del lugar, así como con las condiciones de saneamiento básico disponibles y los factores socioeconómicos y culturales (1). Estas infecciones se relacionan con las condiciones socioeconómicas e higiénicas precarias y aunque la mortalidad debida a las parasitosis intestinales es baja, la morbilidad es muy importante en los países en vías de desarrollo. Los preescolares, principalmente de hogares pobres, suelen ser los más afectados por este tipo de infecciones, ya que es una población vulnerable y con poco discernimiento de los hábitos adecuados para prevenirlas. Algunas parasitosis intestinales afectan directamente el estado nutricional del menor al generar carencia de hierro, vitamina A y anemia, debido a la afección directa de la mucosa intestinal y sus funciones de absorción y digestión, lo que conlleva la alteración de su estado nutricional, capacidad de aprendizaje y cognición, y daño sobre el estado general de salud del menor. Con esto, se evidencia que la desnutrición, la anemia y las parasitosis intestinales presentan convergencias clínicas, a lo que se suman su nexo epidemiológico al compartir factores de riesgo sociodemográficos y de infraestructura sanitaria, lo que constituye un problema de salud pública que requiere especial atención y eficiente intervención.
650 #0 - SUBJECT ADDED ENTRY--TOPICAL TERM
Topical term or geographic name entry element Bacteriologia
Form subdivision Tesis y disertaciones academicas.
700 1# - ADDED ENTRY--PERSONAL NAME
Personal name Petro Rhenals, Lina Marcela.
700 1# - ADDED ENTRY--PERSONAL NAME
Personal name González Navarro, Rocío M,
Titles and other words associated with a name Investigadora.
700 1# - ADDED ENTRY--PERSONAL NAME
Personal name Pinilla Perez, Mavianis,
Titles and other words associated with a name Investigadora.
700 1# - ADDED ENTRY--PERSONAL NAME
Personal name Villafae Ferrer, Lucy,
Relator term Investigadora.
856 7# - ELECTRONIC LOCATION AND ACCESS
Uniform Resource Identifier <a href="https://unicurn.sharepoint.com/:b:/s/biblioteca/EXReZ9ji6lJOhKqtUZ5_t2YBdZGMljcn0fvzwOvQe7rQ8Q?e=fIKdR2">https://unicurn.sharepoint.com/:b:/s/biblioteca/EXReZ9ji6lJOhKqtUZ5_t2YBdZGMljcn0fvzwOvQe7rQ8Q?e=fIKdR2</a>
Public note Click aqui para ver el recurso en texto completo
942 ## - ADDED ENTRY ELEMENTS (KOHA)
Source of classification or shelving scheme Dewey Decimal Classification
Koha item type Trabajos de grado
Classification part BAC 2018
Item part N322
Existencias
Withdrawn status Lost status Source of classification or shelving scheme Damaged status Not for loan Home library Current library Shelving location Date acquired Source of acquisition Cost, normal purchase price Inventory number Total checkouts Full call number Barcode Date last seen Copy number Price effective from Koha item type
    Dewey Decimal Classification     Miguel Henríquez Emiliani Miguel Henríquez Emiliani Trabajo de grado 03/29/2025 El autor 350000.00 022243   BAC 2018 N322 022243 07/10/2018 1 07/10/2018 Trabajos de grado